| 000 | 00585nam a22002057a 4500 | ||
|---|---|---|---|
| 005 | 20231013142918.0 | ||
| 008 | 171206b xxu||||| |||| 00| 0 spa d | ||
| 041 | _aspa | ||
| 082 | _a92 G232s | ||
| 100 |
_aSandoval de Fonseca, Virginia _944789 |
||
| 245 | _aEl presbítero don Juan Garita | ||
| 260 | _aCosta Rica | ||
| 260 | _bMinisterio de Cultura Juventud y Deportes | ||
| 260 | _c1977 | ||
| 300 | _a217 páginas | ||
| 650 | _aGARITA GUILLÉN, JUAN PRESBÍTERO | ||
| 650 | _aLITERATURA COSTARRICENSE | ||
| 650 | _aTIERRA BLANCA | ||
| 942 |
_cLIT _2ddc |
||
| 999 |
_c10030 _d10030 |
||